Представление документа в формате MARC21

Поле Инд. ПП Название Значение
Тип записи a
Библиографический уровень m
001 Контрольный номер RU/LIBMSTU/456315009
005 Дата корректировки 20190618140832.7
008 Кодируемые данные 140617|||||||||ru |||||||||||000|||rus||
020 a ISBN 978-5-903082-48-3
040 b Код языка каталог. rus
041 0_ a Код языка текста rus
084 a Индекс другой классификации/Индекс ББК 65.352я7+65.291.21я7
090 a Полочн. индекс 65.35
x Авторский знак Н 48
100 1_ a Автор Некрасова О. О.
245 10 a Заглавие Производственный менеджмент в промышленном рыболовстве
b Продолж. заглавия учеб. пособие для бакалавров
260 a Место издания Москва
b Издательство МОРКНИГА
c Дата издания 2014
300 a Объем 226, [6] с.
b Иллюстрации/ тип воспроизводства ил.
504 a Библиография Библиогр.: с. 201-202
583 1_ x Служебное примечание Промышл. рыболовство. ВПО
650 04 a Основная рубрика Рыбная промышленность-Производственный менеджмент-Учебные издания для высших учебных заведений-Бакалавриат
653 0_ a Ключевые слова Маркетинг; Менеджмент производственный; Рыбная промышленность; Ценообразование
700 1_ a Другие авторы Степанова Л. А.
901 t Тип документа m
952 b Гриф литературы для ВШ Допущено Управлением науки и образования Федер. агентства по рыболовству для высш. учеб. заведений
c Вид литературы учебное пособие